| 000 | 00804nam a2200253Ia 4500 | ||
|---|---|---|---|
| 003 | OSt | ||
| 005 | 20240513143958.0 | ||
| 008 | 210716s2002 xx 000 0 und d | ||
| 020 | _a9788131505212 | ||
| 040 | _cAIMIT LIBRARY | ||
| 041 | _aeng | ||
| 082 |
_a005.73 _21 _bBERK |
||
| 100 |
_aBerman, Kenneth A. _9164286 |
||
| 245 |
_aAlgorithms / _cby Kenneth A. Berman and Jerome L. Paul. |
||
| 250 | _a1st ed. | ||
| 260 |
_aNew Delhi : _bCengage Learning India Pvt Ltd , _c2002. |
||
| 300 |
_a759 p.; _bPB _c24.5 cm. |
||
| 650 |
_aDistributed network algorithms _9164287 |
||
| 650 |
_aBalanced search trees _9164340 |
||
| 650 |
_aProbabilistic and randomized algorithms _9164341 |
||
| 650 |
_aNP complete problems _9164342 |
||
| 700 |
_aPaul, Jerome L. _9164343 |
||
| 942 |
_2ddc _cBK _e1st _k005.73 BERK |
||
| 999 |
_c189816 _d189816 |
||